A pen and paper introduction to statistics /

Bibliographic Details
Main Author: Marco, Antonio (University of Essex) (Author)
Corporate Author: EBSCOhost
Format: eBook
Language:English
Published: Boca Raton, FL : CRC Press, 2024.
Edition:First edition.
Subjects:
Online Access:Connect to the full text of this electronic book

MARC

Tag First Indicator Second Indicator Subfields
LEADER 00000nam a2200000 i 4500
001 in00005674607
003 OCoLC
005 20240607031354.7
006 m o d
007 cr cnu---unuuu
008 230814t20242024flua ob 001 0 eng
010 |a  2023036779 
024 8 |a 90103204999 
040 |a DLC  |b eng  |e rda  |c DLC  |d OCLCO  |d OCLCF  |d YDX 
020 |a 9781003398820  |q electronic book 
020 |a 1003398820  |q electronic book 
020 |a 9781003835127  |q electronic book 
020 |a 1003835120  |q electronic book 
020 |z 9781032505107  |q paperback 
020 |z 9781032505114  |q hardcover 
035 |a (OCoLC)1415849051 
042 |a pcc 
050 4 |a QA276  |b .M334 2024 
082 0 0 |a 519.54  |2 23/eng/20231221 
100 1 |a Marco, Antonio  |c (University of Essex),  |e author. 
245 1 2 |a A pen and paper introduction to statistics /  |c Antonio Marco. 
250 |a First edition. 
264 1 |a Boca Raton, FL :  |b CRC Press,  |c 2024. 
264 4 |c ©2024 
300 |a 1 online resource ( xvi, 144 pages) :  |b illustrations (some color). 
336 |a text  |b txt  |2 rdacontent 
337 |a computer  |b c  |2 rdamedia 
338 |a online resource  |b cr  |2 rdacarrier 
500 |a "A Chapman & Hall Book" - front cover. 
504 |a Includes bibliographical references and index. 
532 1 |3 EBSCOhost  |a "EBSCO evaluates our products based on the Web Content Accessibility Guidelines (WCAG) and the related Section 508 and EN 301 549 regulations in the US and EU. Most EBSCO products are substantially conformant with WCAG 2.2 level AA." Source: https://connect.ebsco.com/s/article/EBSCO-VPATs?language=en_US. Last accessed April 22, 2025. 
588 |a Description based on online resource; title from digital title page (viewed on June 07, 2024). 
650 0 |a Statistics. 
650 6 |a Statistique.  |0 (CaQQLa)201-0002593 
650 7 |a statistics.  |2 aat  |0 (CStmoGRI)aat300026924 
650 7 |a Statistics.  |2 fast  |0 (OCoLC)fst01132103 
655 7 |a Electronic books.  |2 local 
710 2 |a EBSCOhost 
776 1 8 |i Print version:  |a Marco, Antonio  |t Pen and paper introduction to statistics  |b First edition.  |d Boca Raton, FL : CRC Press, 2024  |z 9781032505114  |w (DLC) 2023036778 
856 4 0 |u http://proxy.library.tamu.edu/login?url=https://search.ebscohost.com/login.aspx?direct=true&scope=site&db=nlebk&db=nlabk&AN=3735663  |z Connect to the full text of this electronic book  |t 0 
945 |b 603709 
955 |a YBP purchased EBSCO DDA e-records 
980 |b ebook  |c 90103204999  |f NONFIC/S  |g 565702  |k USD  |m 136.40  |q 1  |s AcqMono Conventional  |t Demand driven acquisitions (DDA)  |u Vendor order reference number  |v ZYBP  |y PDA  |z Electronic resource 
999 f f |i a8bc9aea-d194-4643-b370-46e2da5c22c8  |s 850aded6-d3b6-43b2-8074-9ad47153d19b  |t 0 
952 f f |a Texas A&M University  |b College Station  |c Electronic Resources  |s www_evans  |d Available Online  |t 0  |e QA276 .M334 2024  |h Library of Congress classification